<?xml version="1.0" encoding="UTF-8"?>
<record
    xmlns:xsi="http://www.w3.org/2001/XMLSchema-instance"
    xsi:schemaLocation="http://www.loc.gov/MARC21/slim http://www.loc.gov/standards/marcxml/schema/MARC21slim.xsd"
    xmlns="http://www.loc.gov/MARC21/slim">

  <leader>01093nab a2200313 uc4500</leader>
  <controlfield tag="001">782317</controlfield>
  <controlfield tag="005">20241031090050.0</controlfield>
  <controlfield tag="008">021024s2000                        spa  </controlfield>
  <datafield tag="035" ind1=" " ind2=" ">
    <subfield code="a">782317</subfield>
  </datafield>
  <datafield tag="035" ind1=" " ind2=" ">
    <subfield code="a">(OCoLC)819995257</subfield>
  </datafield>
  <datafield tag="040" ind1=" " ind2=" ">
    <subfield code="c">comduadb</subfield>
  </datafield>
  <datafield tag="041" ind1=" " ind2=" ">
    <subfield code="a">spa</subfield>
  </datafield>
  <datafield tag="100" ind1="1" ind2="0">
    <subfield code="a">Ort&#xED;z Rivas, Hern&#xE1;n Armando,</subfield>
    <subfield code="d">1940-</subfield>
    <subfield code="4">aut</subfield>
    <subfield code="0">(isni)0000 0000 8003 3531</subfield>
    <subfield code="0">(viaf)75261429</subfield>
    <subfield code="e">aut</subfield>
    <subfield code="9">505160</subfield>
  </datafield>
  <datafield tag="245" ind1="1" ind2="0">
    <subfield code="a">Desobediencia civil</subfield>
  </datafield>
  <datafield tag="650" ind1=" " ind2="7">
    <subfield code="a">Jerarqu&#xED;a normativa</subfield>
    <subfield code="2">lemb</subfield>
    <subfield code="9">49392</subfield>
  </datafield>
  <datafield tag="650" ind1=" " ind2=" ">
    <subfield code="a">Ordenamiento jur&#xED;dico</subfield>
    <subfield code="9">43008</subfield>
  </datafield>
  <datafield tag="650" ind1=" " ind2="7">
    <subfield code="a">Movimientos sociales</subfield>
    <subfield code="2">embne</subfield>
    <subfield code="9">321</subfield>
  </datafield>
  <datafield tag="650" ind1=" " ind2=" ">
    <subfield code="a">Insumision</subfield>
    <subfield code="9">21340</subfield>
  </datafield>
  <datafield tag="650" ind1=" " ind2=" ">
    <subfield code="a">Protesta social</subfield>
    <subfield code="9">174712</subfield>
  </datafield>
  <datafield tag="650" ind1=" " ind2="7">
    <subfield code="a">Justicia social</subfield>
    <subfield code="2">lemb</subfield>
    <subfield code="9">69339</subfield>
  </datafield>
  <datafield tag="650" ind1=" " ind2=" ">
    <subfield code="a">Movimientos populares</subfield>
    <subfield code="9">64</subfield>
  </datafield>
  <datafield tag="650" ind1=" " ind2=" ">
    <subfield code="a">Reforma legal</subfield>
    <subfield code="9">174276</subfield>
  </datafield>
  <datafield tag="650" ind1=" " ind2="7">
    <subfield code="a">Resistencia civil</subfield>
    <subfield code="2">lemb</subfield>
    <subfield code="9">1128</subfield>
  </datafield>
  <datafield tag="650" ind1=" " ind2="7">
    <subfield code="a">Poder p&#xFA;blico</subfield>
    <subfield code="2">lemb</subfield>
    <subfield code="9">7897</subfield>
  </datafield>
  <datafield tag="650" ind1=" " ind2="7">
    <subfield code="a">Resistencia civil</subfield>
    <subfield code="2">lemb</subfield>
    <subfield code="9">1128</subfield>
  </datafield>
  <datafield tag="650" ind1=" " ind2="7">
    <subfield code="a">Estado social</subfield>
    <subfield code="2">embne</subfield>
    <subfield code="9">73894</subfield>
  </datafield>
  <datafield tag="773" ind1="0" ind2=" ">
    <subfield code="t">Proleg&#xF3;menos : Derechos y Valores (Bogot&#xE1;)</subfield>
    <subfield code="g">Vol&#xFA;men 03, N&#xFA;mero 06, Noviembre 2000, p. 67-81</subfield>
    <subfield code="w">579747</subfield>
    <subfield code="z">0121182X</subfield>
    <subfield code="0">144442</subfield>
  </datafield>
  <datafield tag="942" ind1=" " ind2=" ">
    <subfield code="c">ARIMP</subfield>
  </datafield>
  <datafield tag="999" ind1=" " ind2=" ">
    <subfield code="c">255019</subfield>
    <subfield code="d">255019</subfield>
  </datafield>
</record>
